Learning Resource and Development

Information technology fundamentals : (Record no. 584)

MARC details
000 -LEADER
fixed length control field 01014nam a22002777a 4500
005 - DATE AND TIME OF LATEST TRANSACTION
control field 20230512123158.0
008 - FIXED-LENGTH DATA ELEMENTS--GENERAL INFORMATION
fixed length control field 180115t xxu||||| |||| 00| 0 eng d
020 ## - INTERNATIONAL STANDARD BOOK NUMBER
International Standard Book Number 9718210148
040 ## - CATALOGING SOURCE
Transcribing agency CSPC
082 0# - DEWEY DECIMAL CLASSIFICATION NUMBER
Classification number 004
Item number Al134i
100 ## - MAIN ENTRY--PERSONAL NAME
Personal name Albano, Gisela A.,
Relator term author.
245 00 - TITLE STATEMENT
Title Information technology fundamentals :
Remainder of title information age, hardware, software, i.t. professionals, the internet, i.t. updates/
Statement of responsibility, etc. Gisela A. Albano
260 ## - PUBLICATION, DISTRIBUTION, ETC.
Place of publication, distribution, etc. Valenzuela City :
Name of publisher, distributor, etc. Mutya Publishing,
Date of publication, distribution, etc. 2000.
300 ## - PHYSICAL DESCRIPTION
Extent 174 pages :
Other physical details images, tables ;
Dimensions 25 cm.
504 ## - BIBLIOGRAPHY, ETC. NOTE
Bibliography, etc. note Includes Bibliography.
650 10 - SUBJECT ADDED ENTRY--TOPICAL TERM
Topical term or geographic name entry element Information Technology.
General subdivision Study & Teaching (Higher).
700 1# - ADDED ENTRY--PERSONAL NAME
Personal name Canlas, Rosita E.
Relator term author.
700 1# - ADDED ENTRY--PERSONAL NAME
Personal name Escober, Rosicar E.
Relator term author.
700 1# - ADDED ENTRY--PERSONAL NAME
Personal name Luya, Mely R.
Relator term author.
700 1# - ADDED ENTRY--PERSONAL NAME
Personal name Martinez, Severino L.
Relator term author.
700 1# - ADDED ENTRY--PERSONAL NAME
Personal name Villanueva, Eva
Relator term author.
940 ## - EQUIVALENCE OR CROSS-REFERENCE--UNIFORM TITLE [OBSOLETE] [CAN/MARC only]
Uniform title <a href="aag">aag</a>
942 ## - ADDED ENTRY ELEMENTS (KOHA)
Koha item type
-- FIL 004 Al134i 2000
Holdings
Withdrawn status Lost status Damaged status Not for loan Home library Current library Shelving location Date acquired Total Checkouts Full call number Barcode Date last seen Copy number Price effective from Koha item type
        Main Library Main Library Filipiniana Section 05/12/2023   FIL 004 Al134i 2000 006597 05/12/2023 1-4 05/12/2023 Books
        Main Library Main Library Filipiniana Section 05/12/2023   FIL 004 Al134i 2000 006598 05/12/2023 2-4 05/12/2023 Books
        Main Library Main Library Filipiniana Section 05/12/2023   FIL 004 Al134i 2000 006599 05/12/2023 3-4 05/12/2023 Books
        Main Library Main Library Filipiniana Section 05/12/2023   FIL 004 Al134i 2000 007717 05/12/2023 4-4 05/12/2023 Books